Midwifery : (Record no. 120242)
[ view plain ]
| 000 -LEADER | |
|---|---|
| fixed length control field | 00961cam a22003134a 4500 |
| 008 - FIXED-LENGTH DATA ELEMENTS--GENERAL INFORMATION | |
| fixed length control field | |
| 020 ## - INTERNATIONAL STANDARD BOOK NUMBER | |
| International Standard Book Number | 9780729541749 (paperback) |
| 049 ## - LOCAL HOLDINGS (OCLC) | |
| Holding library | MAIN |
| 049 ## - LOCAL HOLDINGS (OCLC) | |
| Holding library | MAIN |
| 090 ## - LOCALLY ASSIGNED LC-TYPE CALL NUMBER (OCLC); LOCAL CALL NUMBER (RLIN) | |
| Classification number (OCLC) (R) ; Classification number, CALL (RLIN) (NR) | RG950 |
| Local cutter number (OCLC) ; Book number/undivided call number, CALL (RLIN) | MID |
| 003 - CONTROL NUMBER IDENTIFIER | |
| control field | |
| 005 - DATE AND TIME OF LATEST TRANSACTION | |
| control field | 20230120204255.0 |
| 040 ## - CATALOGING SOURCE | |
| Transcribing agency | NUST |
| 245 00 - TITLE STATEMENT | |
| Title | Midwifery : |
| Remainder of title | preparation for practice / |
| Statement of responsibility, etc. | Sally Pairman, Jan Pincombe, Carol Thorogood and Sally Tracy |
| 260 ## - PUBLICATION, DISTRIBUTION, ETC. | |
| Place of publication, distribution, etc. | Sydney : |
| Name of publisher, distributor, etc. | Churchill Livingstone, |
| Date of publication, distribution, etc. | 2015. |
| 300 ## - PHYSICAL DESCRIPTION | |
| Extent | xvi, 1259 pages : |
| Other physical details | illustrations ; |
| Dimensions | 28 cm. |
| 336 ## - CONTENT TYPE | |
| Content type term | text |
| Content type code | tx |
| Source | rdacontent |
| 337 ## - MEDIA TYPE | |
| Media type term | unmediated |
| Media type code | n |
| Source | rdamedia |
| 338 ## - CARRIER TYPE | |
| Carrier type term | volume |
| Carrier type code | nc |
| Source | rdacarrier |
| 500 ## - GENERAL NOTE | |
| General note | Includes index. |
| 504 ## - BIBLIOGRAPHY, ETC. NOTE | |
| Bibliography, etc. note | Includes bibliographical references. |
| 650 #0 - SUBJECT ADDED ENTRY--TOPICAL TERM | |
| Topical term or geographic name entry element | Midwifery. |
| 700 1# - ADDED ENTRY--PERSONAL NAME | |
| Personal name | Pairman, Sally. |
| 700 ## - ADDED ENTRY--PERSONAL NAME | |
| Personal name | Pincombe, Jan. |
| 700 ## - ADDED ENTRY--PERSONAL NAME | |
| Personal name | Thorogood, Carol. |
| 700 ## - ADDED ENTRY--PERSONAL NAME | |
| Personal name | Tracy, Sally. |
| 907 ## - LOCAL DATA ELEMENT G, LDG (RLIN) | |
| a | .b10401702 |
| b | 03-05-21 |
| c | 03-05-21 |
| 942 ## - ADDED ENTRY ELEMENTS (KOHA) | |
| Koha item type | Ordinary Loan Books |
| Call number prefix | RG950 |
| Call number suffix | MID |
| Date last seen | Total Checkouts | Full call number | Barcode | Cost, replacement price | Price effective from | Koha item type | Lost status | Source of classification or shelving scheme | Damaged status | Not for loan | Collection | Withdrawn status | Home library | Current library | Shelving location | Date acquired | Cost, normal purchase price |
|---|---|---|---|---|---|---|---|---|---|---|---|---|---|---|---|---|---|
| 01/20/2023 | RG950 PAI | 92004048196 | 80.00 | 01/20/2023 | BOOKS | lcc | NFIC | Medical | Medical | GEN | 01/20/2023 | 80.00 |